The noble scholar, jurist, historian


 His Excellency Dr. Abdul Wahhab bin Ibrahim Abu Sulaiman, may Allah have mercy on him.


 He was born in Umm Al-Qura in the year 1356 AH.

رحلة الشتاء والصيف / (Record no. 11169)

MARC details
000 -LEADER
fixed length control field 01487cam a22003371i 4500
003 - CONTROL NUMBER IDENTIFIER
control field SA-RiAUC
005 - DATE AND TIME OF LATEST TRANSACTION
control field 20250827060309.0
008 - FIXED-LENGTH DATA ELEMENTS--GENERAL INFORMATION
fixed length control field 250823s1965 le g 001 0dara c
040 ## - CATALOGING SOURCE
Original cataloging agency OM-MuSQU
Language of cataloging ara
Transcribing agency SA-RiAUC
Description conventions rda
050 #4 - LIBRARY OF CONGRESS CALL NUMBER
Item number .K53 1965
082 04 - DEWEY DECIMAL CLASSIFICATION NUMBER
Classification number 910.4
Assigning agency SA-RiAUC
090 ## - LOCALLY ASSIGNED LC-TYPE CALL NUMBER (OCLC); LOCAL CALL NUMBER (RLIN)
Classification number (OCLC) (R) ; Classification number, CALL (RLIN) (NR) 910.4
Local cutter number (OCLC) ; Book number/undivided call number, CALL (RLIN) م ح م
100 1# - MAIN ENTRY--PERSONAL NAME
Personal name محمد كبريت، محمد بن عبد الله بن محمد،
Dates associated with a name 1012-1070 هجري
Relator term مؤلف.
245 10 - TITLE STATEMENT
Title رحلة الشتاء والصيف /
Statement of responsibility, etc. تأليف محمد بن عبد الله الحسيني الموسوي الشهير بكبريت ؛ حققها وفهرسها محمد سعيد الطنطاوي.
250 ## - EDITION STATEMENT
Edition statement الطبعة الثانية.
264 #1 - PRODUCTION, PUBLICATION, DISTRIBUTION, MANUFACTURE, AND COPYRIGHT NOTICE
Place of production, publication, distribution, manufacture بيروت ؛
-- دمشق :
Name of producer, publisher, distributor, manufacturer المكتب الإسلامي،
Date of production, publication, distribution, manufacture, or copyright notice 1965
300 ## - PHYSICAL DESCRIPTION
Extent 362 صفحة ؛
Dimensions 24 سم
336 ## - CONTENT TYPE
Content type term نص
Content type code txt
Source rdacontent
Materials specified كتاب
337 ## - MEDIA TYPE
Media type term بدون وسيط
Media type code n
Source rdamedia
338 ## - CARRIER TYPE
Carrier type term مجلد
Carrier type code nc
Source rdacarrier
500 ## - GENERAL NOTE
General note يشتمل على كشافات.
504 ## - BIBLIOGRAPHY, ETC. NOTE
Bibliography, etc. note يشتمل على إرجاعات ببليوجرافية.
590 ## - LOCAL NOTE (RLIN)
Local note عمر.
600 17 - SUBJECT ADDED ENTRY--PERSONAL NAME
Personal name محمد كبريت، محمد بن عبد الله بن محمد،
Dates associated with a name 1012-1070 هجري
General subdivision رحلات
Source of heading or term aucnm
650 17 - SUBJECT ADDED ENTRY--TOPICAL TERM
Topical term or geographic name entry element الجغرافيا التاريخية
Source of heading or term aucsh
650 27 - SUBJECT ADDED ENTRY--TOPICAL TERM
Topical term or geographic name entry element الرحلات
Source of heading or term aucsh
700 1# - ADDED ENTRY--PERSONAL NAME
Personal name الطنطاوي، محمد سعيد،
Dates associated with a name 1924-
Relator term محقق.
942 ## - ADDED ENTRY ELEMENTS (KOHA)
Source of classification or shelving scheme Dewey Decimal Classification
Koha item type Books
Suppress in OPAC No
949 ## - LOCAL PROCESSING INFORMATION (OCLC)
a SA-JeALM
d 250823
u mohamedma123
n 1
Holdings
Withdrawn status Lost status Source of classification or shelving scheme Damaged status Not for loan Home library Current library Date acquired Total checkouts Full call number Barcode Date last seen Price effective from Koha item type
    Dewey Decimal Classification     DR AbdElwahab Library DR AbdElwahab Library 08/27/2025   910.4 م ح م 000018115 08/27/2025 08/27/2025 Books